[Event "Xabia Region-ch Preferente"]
[Site "Xabia"]
[Date "2015.11.07"]
[Round "5.6"]
[White "Jimenez Fernandez, Rebeca"]
[Black "Torregrosa Llul, Fernando"]
[Result "1-0"]
[WhiteElo "1484"]
[BlackElo "1734"]
[PlyCount "65"]
[EventDate "2015.10.03"]
[EventType "swiss"]
[EventRounds "7"]
[EventCountry "ESP"]
[SourceTitle "EXT 2024"]
[Source "ChessBase"]
[SourceDate "2023.10.10"]
[SourceVersion "1"]
[SourceVersionDate "2023.10.10"]
[SourceQuality "1"]

1. e4 e6 2. d4 d5 3. e5 c5 4. c3 Qb6 5. a3 a5 6. Nf3 Bd7 7. Be2 cxd4 8. cxd4 Bb5 9. Nc3 Bxe2 10. Nxe2 Nc6 11. 0-0 Nge7 12. Qd3 Nf5 13. Rd1 Be7 14. Rb1 0-0 15. Nc3 Qa6 16. Nxd5 Bd8 17. Qxa6 Rxa6 18. Nc3 Bb6 19. d5 exd5 20. Nxd5 Bc5 21. b4 axb4 22. axb4 Rb6 23. Nxb6 Bxb6 24. Bf4 Nd8 25. Rd7 h6 26. g4 g5 27. Bxg5 hxg5 28. gxf5 g4 29. Ng5 f6 30. Nh7 Rf7 31. Nxf6+ Kg7 32. Rxf7+ Nxf7 33. Nxg4 1-0

[Event "Xabia Region-ch Preferente"]
[Site "Xabia"]
[Date "2015.10.13"]
[Round "2.1"]
[White "Gonzalez Rodriguez, Manuel I"]
[Black "Torregrosa Llul, Fernando"]
[Result "1/2-1/2"]
[WhiteElo "1954"]
[BlackElo "1734"]
[PlyCount "82"]
[EventDate "2015.10.03"]
[EventType "swiss"]
[EventRounds "7"]
[EventCountry "ESP"]
[SourceTitle "EXT 2024"]
[Source "ChessBase"]
[SourceDate "2023.10.10"]
[SourceVersion "1"]
[SourceVersionDate "2023.10.10"]
[SourceQuality "1"]

1. e4 e6 2. d3 d5 3. Nd2 c5 4. Ngf3 Nc6 5. g3 g6 6. Bg2 Bg7 7. 0-0 Nf6 8. exd5 Nxd5 9. Ne4 Qe7 10. c4 Nf6 11. Nc3 0-0 12. Re1 Rd8 13. Bg5 Qd7 14. Ne4 Qe7 15. Qe2 h6 16. Nxf6+ Bxf6 17. Bxh6 e5 18. Rad1 Bg4 19. Qf1 Nd4 20. Nxd4 Bxd1 21. Rxd1 exd4 22. Re1 Qd7 23. h4 Re8 24. Be4 Re7 25. Qg2 Rae8 26. Qf3 Bg7 27. Bg5 Re6 28. Kg2 Kh8 29. Rh1 Rxe4 30. dxe4 Qe6 31. h5 Kg8 32. Rh4 f6 33. Bd2 g5 34. Rg4 Qxc4 35. Qf5 Qe6 36. Qg6 Qf7 37. Qf5 Re5 38. Qc8+ Kh7 39. f4 Rxe4 40. Qf5+ Kg8 41. Qxe4 f5 1/2-1/2

[Event "Xabia Region-ch Preferente"]
[Site "Xabia"]
[Date "2015.10.03"]
[Round "1.8"]
[White "Torregrosa Llul, Fernando"]
[Black "Simpson, Robert"]
[Result "1-0"]
[WhiteElo "1734"]
[BlackElo "1321"]
[PlyCount "71"]
[EventDate "2015.10.03"]
[EventType "swiss"]
[EventRounds "7"]
[EventCountry "ESP"]
[SourceTitle "EXT 2024"]
[Source "ChessBase"]
[SourceDate "2023.10.10"]
[SourceVersion "1"]
[SourceVersionDate "2023.10.10"]
[SourceQuality "1"]

1. d4 d5 2. Bf4 Nc6 3. e3 e6 4. c4 Bd6 5. Bxd6 Qxd6 6. c5 Qe7 7. f4 Nf6 8. Nc3 0-0 9. Nf3 Bd7 10. Bd3 Nb4 11. Bb1 Ng4 12. Qd2 f5 13. h3 Nf6 14. a3 Nc6 15. b4 a6 16. 0-0 Ne4 17. Nxe4 dxe4 18. Ne5 Nxe5 19. fxe5 Bb5 20. Rf2 Be8 21. a4 c6 22. Ba2 b5 23. cxb6 Bf7 24. a5 Kh8 25. Rc1 Qb7 26. Rc5 g5 27. Qc1 Rac8 28. Rfc2 f4 29. Rxc6 Rxc6 30. Rxc6 fxe3 31. Rc7 Qb8 32. Qxe3 Be8 33. Qxg5 Bg6 34. Bxe6 Qd8 35. Qxd8 Rxd8 36. b7 1-0

[Event "Xabia Region-ch Preferente"]
[Site "Xabia"]
[Date "2013.11.23"]
[Round "7"]
[White "Torregrosa Llul, Fernando"]
[Black "Baidal Soliveres, Tomas"]
[Result "1-0"]
[WhiteElo "1777"]
[BlackElo "1558"]
[PlyCount "55"]
[EventDate "2013.10.05"]
[EventType "swiss"]
[EventRounds "7"]
[EventCountry "ESP"]
[SourceTitle "EXT 2024"]
[Source "ChessBase"]
[SourceDate "2023.10.10"]
[SourceVersion "1"]
[SourceVersionDate "2023.10.10"]
[SourceQuality "1"]

1. d4 Nf6 2. Bf4 e6 3. e3 d5 4. Nd2 Bd6 5. Bg3 Bxg3 6. hxg3 Nbd7 7. Ngf3 c5 8. c3 Qc7 9. c4 cxd4 10. Nxd4 Nb6 11. Nb5 Qe7 12. c5 Nc4 13. Nxc4 dxc4 14. Nd6+ Kf8 15. Bxc4 Ne8 16. Rh4 Nxd6 17. Qxd6 Qxd6 18. cxd6 Bd7 19. Bb3 Rc8 20. Rc4 Rxc4 21. Bxc4 Ke8 22. b4 b5 23. Bb3 Bc6 24. a4 a6 25. axb5 Bxb5 26. Ba4 Kd7 27. Bxb5+ axb5 28. Ra7+ 1-0

[Event "Xabia Region-ch Preferente"]
[Site "Xabia"]
[Date "2013.10.05"]
[Round "1"]
[White "Torregrosa Llul, Fernando"]
[Black "Jimenez Fernandez, Rebeca"]
[Result "1-0"]
[WhiteElo "1777"]
[BlackElo "1192"]
[PlyCount "51"]
[EventDate "2013.10.05"]
[EventType "swiss"]
[EventRounds "7"]
[EventCountry "ESP"]
[SourceTitle "EXT 2024"]
[Source "ChessBase"]
[SourceDate "2023.10.10"]
[SourceVersion "1"]
[SourceVersionDate "2023.10.10"]
[SourceQuality "1"]

1. d4 Nf6 2. Bf4 e6 3. e3 Nc6 4. Nf3 Be7 5. Nbd2 0-0 6. c3 b6 7. Bd3 Bb7 8. 0-0 d5 9. Ne5 Nxe5 10. dxe5 Nd7 11. Qg4 Nc5 12. Bh6 g6 13. Bxf8 Bxf8 14. Bc2 Bg7 15. f4 f6 16. b4 Nd7 17. Qxe6+ Kh8 18. Nf3 Qe8 19. Qxe8+ Rxe8 20. Bb3 fxe5 21. Nxe5 Nxe5 22. fxe5 Bxe5 23. Rf7 Bxc3 24. Rd1 Rd8 25. Rxc7 d4 26. Rxb7 1-0

[Event "Provincial-ch Xabia Preferente"]
[Site "Valencia"]
[Date "2011.11.05"]
[Round "4"]
[White "Torregrosa Llul, Fernando"]
[Black "Pont Font, Daniel"]
[Result "1/2-1/2"]
[WhiteElo "1818"]
[BlackElo "1903"]
[PlyCount "73"]
[EventDate "2011.10.01"]
[EventType "swiss"]
[EventRounds "7"]
[EventCountry "ESP"]
[SourceTitle "EXT 2024"]
[Source "ChessBase"]
[SourceDate "2023.10.10"]
[SourceVersion "1"]
[SourceVersionDate "2023.10.10"]
[SourceQuality "1"]

1. d4 c5 2. c3 Nf6 3. dxc5 e5 4. b4 a5 5. Bd2 b6 6. cxb6 axb4 7. cxb4 Qxb6 8. Qb3 Nc6 9. b5 Nd4 10. Qb2 Qxb5 11. Qxb5 Nxb5 12. e3 Na3 13. Nxa3 Bxa3 14. Nf3 Bd6 15. Bc4 Ne4 16. 0-0 Nxd2 17. Nxd2 0-0 18. Ne4 Be7 19. Bb3 Bb7 20. Nc3 Bc6 21. Nd5 Bd8 22. Rfd1 Ra7 23. Nb4 Ba8 24. Rac1 Ba5 25. Nd5 Rd8 26. Ne7+ Kf8 27. Nc8 Rc7 28. Nd6 f6 29. Rxc7 Bxc7 30. Nf7 Rc8 31. Rxd7 Bb6 32. h3 Rc1+ 33. Kh2 Rf1 34. Rd6 Rxf2 35. Rxb6 Rxg2+ 36. Kh1 Rg3+ 37. Kh2 1/2-1/2

[Event "Benidorm op U2000 08th"]
[Site "Benidorm"]
[Date "2009.11.28"]
[Round "1"]
[White "Patino Andreu, Ramon"]
[Black "Torregrosa Llul, Fernando"]
[Result "1-0"]
[WhiteElo "1992"]
[BlackElo "1829"]
[PlyCount "93"]
[EventDate "2009.11.28"]
[EventType "swiss"]
[EventRounds "10"]
[EventCountry "ESP"]
[SourceTitle "CBM 133 Extra"]
[Source "ChessBase"]
[SourceDate "2010.01.05"]
[SourceVersion "1"]
[SourceVersionDate "2010.01.05"]
[SourceQuality "1"]

1. e4 e6 2. d4 d5 3. e5 c5 4. c3 Nc6 5. Nf3 Bd7 6. Be2 Nge7 7. Na3 cxd4 8. cxd4 Qb6 9. Nc2 Nf5 10. 0-0 Be7 11. b3 0-0 12. Bd3 Nb4 13. Nxb4 Bxb4 14. Bb2 Bb5 15. g4 Bxd3 16. Qxd3 Nh6 17. Ng5 g6 18. Qh3 Kg7 19. Nxh7 Rh8 20. Nf6 Ng8 21. Qf3 Nxf6 22. Qxf6+ Kg8 23. Rac1 Qd8 24. Qxd8+ Rxd8 25. Rc7 Rb8 26. Kg2 Kg7 27. Rfc1 Rh4 28. h3 Ba5 29. Rc8 Rh8 30. Rxb8 Rxb8 31. a3 a6 32. b4 Bd8 33. Kg3 a5 34. b5 Bb6 35. a4 Rh8 36. f4 Re8 37. Rc2 Rh8 38. Ba3 Bxd4 39. Be7 Re8 40. Bf6+ Kg8 41. h4 b6 42. h5 gxh5 43. Rh2 Kh7 44. Rxh5+ Kg6 45. Rg5+ Kh6 46. Rg7 Rh8 47. Rxf7 1-0

[Event "Valencia Autonomico Sur-B"]
[Site "Valencia"]
[Date "2009.01.10"]
[Round "1.5"]
[White "Torregrosa Llul, Fernando"]
[Black "Huerta Mazcunan, Jesus"]
[Result "0-1"]
[WhiteElo "1813"]
[BlackElo "1918"]
[PlyCount "60"]
[EventDate "2009.01.10"]
[EventType "team-tourn"]
[EventRounds "5"]
[EventCountry "ESP"]
[SourceTitle "EXT 2011"]
[Source "ChessBase"]
[SourceDate "2010.11.26"]
[SourceVersion "1"]
[SourceVersionDate "2010.11.26"]
[SourceQuality "1"]

1. d4 Nf6 2. Bg5 d5 3. Nd2 e6 4. Ngf3 Be7 5. e3 0-0 6. Bd3 Nbd7 7. Ne5 c5 8. c3 Re8 9. h4 Qc7 10. f4 cxd4 11. exd4 b6 12. g4 Ne4 13. Nxe4 dxe4 14. Bxe4 Bb7 15. Qf3 Bxe4 16. Qxe4 f6 17. Nf3 Bd6 18. 0-0-0 fxg5 19. hxg5 Bxf4+ 20. Kb1 Nf8 21. g6 Nxg6 22. g5 Qf7 23. Nh4 Bxg5 24. Rdf1 Bf6 25. Nf3 Qd7 26. Rxh7 Kxh7 27. Rh1+ Kg8 28. Qxg6 Qd5 29. Qh7+ Kf8 30. Rf1 Qf5+ 0-1